00678nam a2200241 a 4500001001300000003000900013005001700022008004100039020000800080082001500088100002500103245002300128260003800151300000900189500003500198505001700233650002000250700002500270902000800295942000700303952011100310999001500421nice12345678IN_TiNIC20260116011753.0050524s1975 hyda grp 000 0 urd  ac500a297.2bJEE aJeelani, Abdul Qader aMazratul Aakharate aHyderabadbJamia Muhammadiac1975 a264p aincludes index and biblioraphy2 aBibliography aIslam-Doctrines1 aJeelani, Abdul Qader bSRS cBK 001040708StackRoom-aHMIbHMId2007-07-05g5.00l0o297.2 JEEp09491r2007-07-05v5.00w2005-05-24yBK c3837d3837